Παγκόσμια πολιτική οικονομία : η διεθνής οικονομική τάξη

Αποθηκεύτηκε σε:
Λεπτομέρειες βιβλιογραφικής εγγραφής
Κύριος συγγραφέας: Gilpin, Robert
Μορφή: Βιβλίο
Γλώσσα:Greek
English
Δημοσίευση: Αθήνα : Ποιότητα, 2007.
Έκδοση:6η έκδ.
Σειρά:Βιβλιοθήκη πολιτικής οικονομίας των διεθνών σχέσεων ; 2
Θέματα:
Ετικέτες: Προσθήκη ετικέτας
Δεν υπάρχουν, Καταχωρήστε ετικέτα πρώτοι!

MARC

LEADER 00000cam a2200000 i 4500
001 1/1140
008 090828s2007 gr | ||| |||| ||gre||
035 |l 10105487 
040 |a GR-MyUa  |b gre  |e AACR2 
041 1 |a gre  |h eng 
082 7 |a 337   |2 (22) 
100 1 |a Gilpin, Robert. 
245 1 0 |a Παγκόσμια πολιτική οικονομία :   |b η διεθνής οικονομική τάξη /   |c Robert Gilpin ; μετάφραση: Ηρακλεία Στροίκου ; επιμέλεια: Ηλίας Κουσκουβέλης, Τάσος Μαστρογιάννης. 
250 |a 6η έκδ. 
260 |a Αθήνα :   |b Ποιότητα,   |c 2007. 
300 |a 525 σ. ;   |c 24 εκ. 
490 1 |a (Βιβλιοθήκη πολιτικής οικονομίας των διεθνών σχέσεων ;   |v 2) 
504 |a Βιβλιογραφία: σ.493-500. Ευρετήριο. 
650 0 |a International economic relations. 
650 0 |a Free trade. 
650 0 |a International finance. 
650 0 |a Economic development. 
830 0 |a Βιβλιοθήκη πολιτικής οικονομίας των διεθνών σχέσεων ;  |v 2 
852 |a INST  |b CHIOS  |e 20090828  |h 337 GIL  |p 005200029940  |q 005200029940  |t BK  |y 0 
852 |a INST  |b CHIOS  |e 20090828  |h 337 GIL  |p 005200029941  |q 005200029941  |t BK  |y 0 
852 |a INST  |b CHIOS  |e 20090828  |h 337 GIL  |p 005200029942  |q 005200029942  |t BK  |y 0 
901 |a BIBL2-2009-2 
970 |a ΣΠΕΝΤΖΑ  |b ΕΛΕΝΗ  |z 2009/08/28